Spell the Longest Hill in New Zealand! - Statistics

General Stats
  • This quiz has been taken 66 times
  • The average score is 66 of 85
Answer Stats
Answer % Correct
a
100%
a
100%
a
100%
a
100%
h
97%
m
97%
T
97%
t
97%
u
97%
w
97%
a
95%
a
95%
a
95%
a
95%
i
95%
a
92%
g
92%
g
92%
h
92%
k
92%
n
92%
n
92%
t
92%
k
90%
o
90%
a
87%
u
87%
a
85%
u
85%
a
82%
a
82%
a
82%
a
82%
e
82%
i
82%
o
82%
t
82%
i
79%
k
79%
k
79%
m
79%
p
79%
r
79%
t
79%
t
79%
u
79%
u
79%
a
77%
i
77%
k
77%
p
77%
m
74%
a
72%
n
72%
u
72%
g
69%
h
69%
n
69%
o
69%
o
69%
r
69%
k
67%
u
67%
u
67%
a
64%
p
64%
e
62%
i
62%
o
62%
a
59%
a
59%
a
59%
h
59%
i
59%
k
59%
n
59%
w
59%
a
56%
k
56%
n
56%
t
56%
u
56%
t
54%
h
51%
u
51%
No matching quizzes found
Score Distribution
Percent of People with Each Score
Percentile by Number Answered
Your Score History
You have not taken this quiz